LEADER 02619nam0 2200613 i 450 001 VAN0114650 005 20230726112255.199 017 70$2N$a978-3-319-42402-6 100 $a20180208d2016 |0itac50 ba 101 $aeng 102 $aCH 105 $a|||| ||||| 200 1 $aDynamical systems$eodelling $eód?, Poland, december 7?10, 2015 $fan Awrejcewicz editor. 205 $aCham] : Springer, 2016. 210 410 1$1001VAN0102574$12001 $aSpringer proceedings in mathematics & statistics$1210 $aBerlin [etc.]$cSpringer$v181 500 1$3VAN0242116$aDynamical systems: modelling$92070242 606 $a37-XX$xDynamical systems and ergodic theory [MSC 2020]$3VANC020363$2MF 606 $a70-XX$xMechanics of particles and systems [MSC 2020]$3VANC021390$2MF 606 $a82-XX$xStatistical mechanics, structure of matter [MSC 2020]$3VANC021931$2MF 606 $a74-XX$xMechanics of deformable solids [MSC 2020]$3VANC022466$2MF 610 $aAsymptotic methods$9KW:K 610 $aDSTA 2015$9KW:K 610 $aEngineering systems$9KW:K 610 $aExoskeleton$9KW:K 610 $aFinite-difference methods$9KW:K 610 $aHuman body model$9KW:K 610 $aLumped systems$9KW:K 610 $aMathematical approaches dynamical systems$9KW:K 610 $aMathematical modeling$9KW:K 610 $aMechatronics$9KW:K 610 $aMulti-body dynamic model$9KW:K 610 $aMulti-body system$9KW:K 610 $aNon-linear vibrations$9KW:K 610 $aNon-smooth Systems$9KW:K 610 $aNonlinear Dynamics$9KW:K 610 $aOptimization dynamical systems$9KW:K 610 $aOrdinary differential equations$9KW:K 610 $aSimulation dynamical systems$9KW:K 610 $aSine-Gordon Equation$9KW:K 610 $aSolitons$9KW:K 610 $aVibrations continuous systems$9KW:K 620 $aCH$dCham$3VANL001889 702 1$aAwrejcewicz$bJan$3VANV040847 712 12$aDynamical Systems - Theory and Applications Conference$d13.$f2015$e?ód?, Poland$3VANV088710 712 $aSpringer $3VANV108073$4650 801 $aIT$bSOL$c20240614$gRICA 856 4 $uhttp://dx.doi.org/10.1007/978-3-319-42402-6$zE-book ? Accesso al full-text attraverso riconoscimento IP di Ateneo, proxy e/o Shibboleth 899 $aBIBLIOTECA CENTRO DI SERVIZIO SBA$2VAN15 912 $fN 912 $aVAN0114650 950 $aBIBLIOTECA CENTRO DI SERVIZIO SBA$d15CONS SBA EBOOK 2211 $e15EB 2211 20180208 996 $aDynamical Systems: Modelling$92070242 997 $aUNICAMPANIA LEADER 02664nam2 2200553 i 450 001 VAN00134011 005 20250604035206.901 017 70$2N$a9781493913664 100 $a20210429d2015 |0itac50 ba 101 $aeng 102 $aUS 105 $a|||| ||||| 200 1 $aˆVol. 2: ‰Space, Time and Motion$fKerry Kuehn 210 $aNew York$cSpringer$d2015 215 $axxvi, 380 p.$cill.$d24 cm 410 1$1001VAN00117860$12001 $aUndergraduate lecture notes in physics$1210 $aBerlin [etc.]$cSpringer$d2011- 461 1$1001VAN00134009$12001 $aˆA ‰Student's Guide Through the Great Physics Texts$fKerry Kuehn$1210 $aNew York$cSpringer$d2015-2016$1215 $avolumi$cill.$d24 cm$v2. 500 1$3VAN00134616$aˆA ‰Student's Guide Through the Great Physics Texts. 2, Space, Time and Motion$91800452 606 $a00A20$xDictionaries and other general reference works [MSC 2020]$3VANC023674$2MF 606 $a00A79 (77-XX)$xPhysics [MSC 2020]$3VANC023182$2MF 606 $a01A90$xBibliographic studies [MSC 2020]$3VANC036370$2MF 606 $a70-XX$xMechanics of particles and systems [MSC 2020]$3VANC021390$2MF 606 $a76-XX$xFluid mechanics [MSC 2020]$3VANC019858$2MF 606 $a83-XX$xRelativity and gravitational theory [MSC 2020]$3VANC023243$2MF 610 $aAstronomy$9KW:K 610 $aCollection of major physics texts$9KW:K 610 $aCosmology$9KW:K 610 $aFoundational science texts$9KW:K 610 $aFoundational texts in physics$9KW:K 610 $aGreat physics texts$9KW:K 610 $aHistory of science$9KW:K 610 $aImportant texts in physics$9KW:K 610 $aPhysics$9KW:K 610 $aPhysics and Astronomy$9KW:K 610 $aanalysis of foundational physics texts$9KW:K 610 $aimportant physicists$9KW:K 610 $ascience of motion$9KW:K 610 $asignificant developments in physics and astronomy$9KW:K 620 $aUS$dNew York$3VANL000011 700 1$aKuehn$bKerry$3VANV107795$0792791 712 $aSpringer $3VANV108073$4650 801 $aIT$bSOL$c20250606$gRICA 856 4 $uhttp://doi.org/10.1007/978-1-4939-1366-4$zE-book ? Accesso al full-text attraverso riconoscimento IP di Ateneo, proxy e/o Shibboleth 899 $aBIBLIOTECA DEL DIPARTIMENTO DI MATEMATICA E FISICA$1IT-CE0120$2VAN08 912 $fN 912 $aVAN00134011 950 $aBIBLIOTECA DEL DIPARTIMENTO DI MATEMATICA E FISICA$d08DLOAD e-book 2554 $e08eMF2554 20210429 996 $aStudent's Guide Through the Great Physics Texts. 2, Space, Time and Motion$91800452 997 $aUNICAMPANIA